[Event "Madrid Alcorcon op 1st"]
[Site "Madrid"]
[Date "2022.12.29"]
[Round "7"]
[White "Lopez Herrero, Israel"]
[Black "Gaibor Gallardo, Gonzalo"]
[Result "0-1"]
[WhiteElo "1749"]
[BlackElo "2023"]
[PlyCount "92"]
[EventDate "2022.12.26"]
[EventType "swiss"]
[EventRounds "9"]
[EventCountry "ESP"]
[SourceTitle "CBM 212 Extra"]
[Source "ChessBase"]
[SourceDate "2023.03.31"]
[SourceVersion "1"]
[SourceVersionDate "2023.03.31"]
[SourceQuality "1"]

1. e4 c6 2. d4 d5 3. e5 Bf5 4. h4 h5 5. Nf3 e6 6. Be2 Qb6 7. c3 c5 8. a3 c4 9. Nbd2 Ne7 10. Ng5 Bg6 11. Nf1 Nf5 12. Ng3 Be7 13. Nxf5 Bxf5 14. Ra2 Bg6 15. Nh3 Nd7 16. Nf4 0-0-0 17. Nxg6 fxg6 18. b3 Rhf8 19. bxc4 dxc4 20. Rb2 Qc7 21. Qa4 Kb8 22. Qxc4 Bxa3 23. Rb1 Bxc1 24. Rxc1 Rfe8 25. Ra1 Qxc4 26. Bxc4 Rc8 27. Bd3 Rxc3 28. Kd2 Rb3 29. Bxg6 Rf8 30. Kc2 Rb6 31. f3 Rc8+ 32. Kd3 Rb3+ 33. Ke4 Nb6 34. Bf7 Rb2 35. Bxe6 Rd8 36. Rhd1 Rxg2 37. Bf7 Rh2 38. e6 Rxh4+ 39. Kf5 Nd5 40. Kg6 Rf4 41. Kxg7 Rxf3 42. Bxh5 Rf4 43. Ra3 Ne7 44. d5 Rg8+ 45. Kh6 Nf5+ 46. Kh7 Rg7+ 0-1